000 00924cam a22002654a 4500
020 _a0072868244 (alk. paper)
020 _a0072868252 (international : alk. paper)
040 _cDLC
082 0 0 _a519 MCG 2005 A062 Or.
100 1 _aLind, Douglas A.
245 1 0 _aStatistical techniques in business & economics /
246 3 _aStatistical techniques in business and economics
250 _a12th ed.
260 _aBoston :
_bMcGraw-Hill Irwin,
_cc2005.
300 _axv, 800 p. :
_bcol. ill. ;
_c28 cm. +
_e1 CD-ROM (4 3/4 in.)
490 1 _aMcGraw-Hill/Irwin series. Operations and decision sciences
500 _aStudent CD-ROM includes tutorials, quizzes, solved problems, data sets, and data files.
500 _aIncludes index.
650 0 _aSocial sciences
650 0 _aEconomics
650 0 _aCommercial statistics.
700 1 _aMarchal, William G.
700 1 _aWathen, Samuel Adam.
942 _cEK
999 _c14829
_d14829